| 000 | 00662nam a22002057a 4500 | ||
|---|---|---|---|
| 999 |
_c16283 _d16283 |
||
| 003 | AR-CdUCM | ||
| 008 | 190502b ||||| |||| 00| 0 spa d | ||
| 040 |
_aMUNICIPALIDAD PROVINCIAL DEL CUSCO _cBIBLIOTECA MUNICIPAL DEL CUSCO |
||
| 082 |
_a510 / _bC95 |
||
| 100 |
_aCrowhurst, Norman H. _935634 |
||
| 245 | _aCurso básico de matemáticas / | ||
| 260 |
_aBuenos Aires : _bGlem, _c1966. |
||
| 300 |
_aVolúmenes ; _bDiagramas, _c23 cm. |
||
| 505 | _aContenido : v.1: Aritmetica -- v.4: Curso de matemáticas / | ||
| 650 |
_aMatemática _919387 |
||
| 650 |
_aCurso _921483 |
||
| 650 |
_aEjercicios _919599 |
||
| 942 |
_2ddc _cLIBROS |
||
| 945 |
_arjall _d2019-05-02 |
||